اختبارات الذكاء و قياسه : كيف تقيس درجة و نسبة الذكاء / (رقم التسجيلة. 131695)

تفاصيل مارك
000 -LEADER
fixed length control field 00521nam a22001697a 4500
005 - DATE AND TIME OF LATEST TRANSACTION
control field 20251108175331.0
008 - FIXED-LENGTH DATA ELEMENTS--GENERAL INFORMATION
fixed length control field 250721s2005 xx 000 0 ara d
082 14 - DEWEY DECIMAL CLASSIFICATION NUMBER
Classification number 153.9/يسر
100 1# - MAIN ENTRY--PERSONAL NAME
Personal name يسرى، ماهر
245 10 - TITLE STATEMENT
Title اختبارات الذكاء و قياسه : كيف تقيس درجة و نسبة الذكاء /
264 1# - PRODUCTION, PUBLICATION, DISTRIBUTION, MANUFACTURE, AND COPYRIGHT NOTICE
Place of production, publication, distribution, manufacture القاهرة :
Name of producer, publisher, distributor, manufacturer مكتبة النافذة،
Date of production, publication, distribution, manufacture, or copyright notice 2005.
300 ## - PHYSICAL DESCRIPTION
Extent 199ص.
650 17 - SUBJECT ADDED ENTRY--TOPICAL TERM
Topical term or geographic name as entry element علم النفس
650 17 - SUBJECT ADDED ENTRY--TOPICAL TERM
Topical term or geographic name as entry element الذكاء
942 ## - ADDED ENTRY ELEMENTS (KOHA)
Source of classification or shelving scheme Dewey Decimal Classification
Koha item type كتب
المقتنيات
حالة السحب حالة الفقدان مصدر التصنيف حالة التلف غير قابل للإعارة المكتبة الرئيسية المكتبة الحالية موقع الرف تاريخ التزويد الرقم المتسلسل Total Checkouts رقم الإستدعاء الباركود تاريخ آخر ظهور تاريخ الفاتورة نوع المادة (كوها)
    Dewey Decimal Classification     المكتبة المركزية المكتبة المركزية الإعارة 28/07/2025 1603714   153.9/يسر PLD00337619 28/07/2025 28/07/2025 كتب
    Dewey Decimal Classification     مكتبة أبو علندا العامة مكتبة أبو علندا العامة الإعارة 22/07/2015 1603717   153.9/يسر PLD00338289 28/07/2025 22/07/2015 كتب
    Dewey Decimal Classification     مكتبة الحسن العامة مكتبة الحسن العامة الإعارة 22/07/2015 1603715   153.9/يسر PLD00338287 28/07/2025 22/07/2015 كتب
    Dewey Decimal Classification     مكتبة حمزة العامة مكتبة حمزة العامة الإعارة 22/07/2015 1603718   153.9/يسر PLD00338290 28/07/2025 22/07/2015 كتب
    Dewey Decimal Classification     مكتبة وادي السير العامة مكتبة وادي السير العامة الإعارة 22/07/2015 1603716   153.9/يسر PLD00338288 28/07/2025 22/07/2015 كتب
Implemented & Customized by: BBB with SCIT (Smart Chains for Information Technology)

Powered by Koha